000 00355nam a2200145 a 4500
005 20140412111313.0
008 000818s19uu xx 00 eng d
020 _a0-86611-868-3
050 _aER
_bLi72
245 _aLittle boy blue.
260 _aNew York :
_bPlaymore, Inc.
300 _a1 v. (unp.) ; ill.
650 _aBoy-Fiction
999 _c104090
_d104090